[Event "II Festival A"]
[Site "Bisaccia ITA"]
[Date "2010.05.31"]
[Round "4"]
[White "Seletsky, Grigory"]
[Black "Gambardella, Piero"]
[Result "1-0"]
[WhiteElo "2337"]
[BlackElo "1986"]
[PlyCount "51"]
[EventDate "2010.05.29"]

1. e4 e6 2. d4 d5 3. Nd2 c5 4. exd5 exd5 5. dxc5 Bxc5 6. Nb3 Bd6 7. c3 Ne7 8.
Nf3 Nbc6 9. Be2 O-O 10. O-O Bg4 11. Nfd4 Bxe2 12. Qxe2 Ng6 13. Qh5 Re8 14. Be3
Re4 15. g3 Nce5 16. Nd2 Rxe3 17. fxe3 Qb6 18. Rab1 Qa6 19. N2f3 Qd3 20. Rbe1
Re8 21. e4 dxe4 22. Ng5 Bc5 23. Qxh7+ Kf8 24. Rxe4 Re7 25. Qh3 Re8 26. Qf5 1-0

[Event "II Festival A"]
[Site "Bisaccia ITA"]
[Date "2010.05.31"]
[Round "4"]
[White "Sirena, Gianni"]
[Black "Vuelban, Virgilio"]
[Result "0-1"]
[WhiteElo "1974"]
[BlackElo "2369"]
[PlyCount "82"]
[EventDate "2010.05.29"]

1. e4 e6 2. d4 d5 3. Nd2 c5 4. Ngf3 Nc6 5. Bb5 dxe4 6. Nxe4 Qa5+ 7. Nc3 Bd7 8.
O-O a6 9. Bxc6 Bxc6 10. Ne5 Qc7 11. Nxc6 bxc6 12. dxc5 Bxc5 13. Ne4 Be7 14. Qg4
g6 15. Qf3 h6 16. Be3 f5 17. Nc5 Kf7 18. Bf4 Bd6 19. Nxe6 Kxe6 20. Rfe1+ Kf7
21. Bxd6 Qxd6 22. Rad1 Qc7 23. Qb3+ Kg7 24. Qe6 Nf6 25. Rd6 Qf7 26. Rxc6 Rhe8
27. Qxf7+ Kxf7 28. Kf1 Ng4 29. Rxe8 Rxe8 30. f3 Ne3+ 31. Kf2 Nd1+ 32. Kf1 Nxb2
33. Rxa6 Rc8 34. Ra7+ Kf6 35. Ra6+ Kg5 36. h4+ Kh5 37. g4+ Kxh4 38. Rxg6 f4 39.
Rxh6+ Kg3 40. g5 Rxc2 41. g6 Nc4 0-1

[Event "II Festival A"]
[Site "Bisaccia ITA"]
[Date "2010.05.31"]
[Round "4"]
[White "Tratar, Marko"]
[Black "Kizov, Atanas"]
[Result "1-0"]
[WhiteElo "2507"]
[BlackElo "2394"]
[PlyCount "55"]
[EventDate "2010.05.29"]

1. d4 d5 2. c4 c6 3. Nf3 Nf6 4. e3 e6 5. b3 Nbd7 6. Bb2 Bd6 7. Bd3 O-O 8. Nbd2
b6 9. O-O Bb7 10. Ne5 c5 11. cxd5 exd5 12. f4 Ne4 13. Nxe4 dxe4 14. Bc4 Nf6 15.
Qe2 Qe7 16. Rad1 cxd4 17. Bxd4 Rad8 18. Ng4 Ne8 19. Nh6+ Kh8 20. Qh5 Rd7 21.
Nf5 Qd8 22. Bb5 f6 23. Bxd7 Qxd7 24. Nxd6 Nxd6 25. Be5 fxe5 26. fxe5 Rxf1+ 27.
Rxf1 g6 28. Qh6 1-0

[Event "II Festival A"]
[Site "Bisaccia ITA"]
[Date "2010.05.31"]
[Round "4"]
[White "Varvaglione, Antonio"]
[Black "Rotelli, Pietro"]
[Result "1-0"]
[WhiteElo "1905"]
[BlackElo "1993"]
[PlyCount "53"]
[EventDate "2010.05.29"]

1. e4 d5 2. exd5 Qxd5 3. Nc3 Qd6 4. d4 Nf6 5. Nf3 Bg4 6. Be3 e6 7. Bd3 Be7 8.
O-O O-O 9. Ne4 Nxe4 10. Bxe4 Bxf3 11. Qxf3 Nc6 12. c3 Rab8 13. Bf4 Qd7 14. Qg3
Bd6 15. Rfe1 Ne7 16. Be5 Ng6 17. Bxd6 cxd6 18. Re2 b5 19. Bxg6 hxg6 20. Rae1 d5
21. Re3 Qc7 22. Qg4 b4 23. c4 Rfd8 24. c5 Re8 25. h4 a5 26. h5 gxh5 27. Qxh5
1-0

[Event "II Festival A"]
[Site "Bisaccia ITA"]
[Date "2010.06.01"]
[Round "5"]
[White "Bianco, Raffaele"]
[Black "Quimi, Marco"]
[Result "0-1"]
[WhiteElo "2066"]
[BlackElo "2163"]
[PlyCount "36"]
[EventDate "2010.05.29"]

1. e4 c5 2. d3 g6 3. Nf3 Bg7 4. g3 Nc6 5. Bg2 Nf6 6. O-O O-O 7. Re1 d6 8. Nbd2
Rb8 9. Nf1 b5 10. h4 h6 11. Ne3 Ng4 12. Rb1 Qa5 13. a3 Nxe3 14. Bxe3 Bg4 15.
Qc1 Kh7 16. Nh2 Be6 17. b4 Qa4 18. Qd1 Nd4 0-1

[Event "II Festival A"]
[Site "Bisaccia ITA"]
[Date "2010.06.01"]
[Round "5"]
[White "Carnicelli, Valerio"]
[Black "Galasso, Luigi"]
[Result "1-0"]
[WhiteElo "1821"]
[BlackElo "2051"]
[PlyCount "115"]
[EventDate "2010.05.29"]

1. e4 Nf6 2. e5 Nd5 3. d4 d6 4. c4 Nb6 5. exd6 cxd6 6. Nc3 g6 7. h3 Bg7 8. Nf3
O-O 9. Be2 Nc6 10. O-O Bf5 11. Be3 d5 12. c5 Nc8 13. Qb3 Qd7 14. Qxd5 Rd8 15.
Qxd7 Rxd7 16. Bb5 a6 17. Bxc6 bxc6 18. Rad1 Rb7 19. Rd2 Na7 20. Na4 Be4 21. Ng5
Bd5 22. Nb6 Rd8 23. Nxd5 Rxd5 24. Nf3 f6 25. Rfd1 Nb5 26. Kf1 a5 27. a4 Nc7 28.
Ng1 Rd8 29. Ne2 Nd5 30. Nf4 Nxf4 31. Bxf4 Rb4 32. Bc7 Rd5 33. Bxa5 Rxa4 34. Bc3
f5 35. Rd3 Ra7 36. Ke2 Kf7 37. b4 Ke6 38. Ra1 Rxa1 39. Bxa1 Bf6 40. Bb2 Bg5 41.
g3 Bf6 42. Ke3 Bg5+ 43. f4 Bf6 44. Ra3 Rd7 45. Ra6 Kd5 46. Kd3 Rb7 47. Bc3 Rb5
48. Ra8 Rb7 49. Rd8+ Ke6 50. Kc4 Rc7 51. b5 cxb5+ 52. Kxb5 Rb7+ 53. Kc6 Rb3 54.
Rf8 Bxd4 55. Bxd4 Rxg3 56. Kc7 Rxh3 57. c6 Rb3 58. Rb8 1-0

[Event "II Festival A"]
[Site "Bisaccia ITA"]
[Date "2010.06.01"]
[Round "5"]
[White "Epishin, Vladimir V."]
[Black "Caprio, Guido"]
[Result "1/2-1/2"]
[WhiteElo "2611"]
[BlackElo "2224"]
[PlyCount "97"]
[EventDate "2010.05.29"]

1. d4 d5 2. Nf3 Nf6 3. c4 c6 4. Qb3 Qb6 5. Nc3 Bf5 6. cxd5 Qxb3 7. axb3 Nxd5 8.
Bg5 e6 9. e4 Nxc3 10. exf5 Ne4 11. fxe6 Bb4+ 12. Ke2 f6 13. Be3 Ke7 14. Kd3 Nd6
15. g4 Kxe6 16. g5 Kf7 17. h4 Nf5 18. gxf6 gxf6 19. Kc2 Nd7 20. Bc4+ Kg6 21.
Bf4 Nb6 22. Kd3 Nxc4 23. bxc4 Kf7 24. h5 Rhg8 25. Rhg1 Rxg1 26. Rxg1 Bf8 27.
Ke4 Ng7 28. h6 Re8+ 29. Kd3 Nf5 30. Rh1 Kg6 31. Nh4+ Nxh4 32. Rxh4 Re1 33. Be3
a5 34. c5 Ra1 35. Kc2 a4 36. Bc1 Kf5 37. Rf4+ Kg6 38. Rf3 Kf7 39. Rg3 f5 40. f3
f4 41. Rh3 Ke6 42. Rh5 Kf6 43. Bxf4 Rf1 44. Rh3 Kf5 45. Bd2 Be7 46. Rg3 Bf6 47.
Be3 Re1 48. Kd3 Rb1 49. Kc3 1/2-1/2

[Event "II Festival A"]
[Site "Bisaccia ITA"]
[Date "2010.06.01"]
[Round "5"]
[White "Fiore, Mario"]
[Black "Sanchez, Joseph"]
[Result "0-1"]
[WhiteElo "2223"]
[BlackElo "2478"]
[PlyCount "48"]
[EventDate "2010.05.29"]

1. e4 d5 2. exd5 Nf6 3. d4 Bg4 4. Nf3 Qxd5 5. Be2 Nc6 6. c4 Qf5 7. h3 Bxf3 8.
Bxf3 Qe6+ 9. Be2 Qe4 10. Be3 Qxg2 11. Bf3 Qg6 12. Qa4 Nd7 13. Nc3 e5 14. O-O-O
O-O-O 15. Nb5 e4 16. Rhg1 Nb6 17. Qc2 Nb4 18. Qb3 Qe6 19. d5 Qe8 20. Be2 a6 21.
Nxc7 Kxc7 22. a3 N4xd5 23. cxd5 Nxd5 24. Rxd5 Kb8 0-1

[Event "II Festival A"]
[Site "Bisaccia ITA"]
[Date "2010.06.01"]
[Round "5"]
[White "Franciosi, Fausto"]
[Black "Parrella, Alfredo"]
[Result "1-0"]
[WhiteElo "1967"]
[BlackElo "2046"]
[PlyCount "76"]
[EventDate "2010.05.29"]

1. d4 e6 2. c4 Nf6 3. Nf3 c5 4. d5 exd5 5. cxd5 d6 6. Nc3 g6 7. e4 a6 8. a4 Bg7
9. h3 Nbd7 10. Bd3 Nh5 11. Be2 Rb8 12. O-O O-O 13. Be3 Bf6 14. Nd2 Ng7 15. f4
Re8 16. Bf2 Bd4 17. Nc4 Bxf2+ 18. Rxf2 Nb6 19. Nd2 Na8 20. Bd3 Nc7 21. a5 Bd7
22. Qf1 f6 23. Re1 Na8 24. Nc4 Bb5 25. e5 Bxc4 26. Bxc4 f5 27. Rfe2 Qxa5 28.
exd6 Qd8 29. Rxe8+ Nxe8 30. d7 Qxd7 31. Re7 Qd6 32. Re6 Qf8 33. d6 Kh8 34. Qe2
b5 35. Qe5+ Ng7 36. Rf6 Qe8 37. Be6 Rb7 38. d7 Qb8 1-0

[Event "II Festival A"]
[Site "Bisaccia ITA"]
[Date "2010.06.01"]
[Round "5"]
[White "Gambardella, Piero"]
[Black "Celli, Dario"]
[Result "1/2-1/2"]
[WhiteElo "1986"]
[BlackElo "2104"]
[PlyCount "66"]
[EventDate "2010.05.29"]

1. d4 d5 2. c4 e6 3. Nc3 c6 4. e3 Nf6 5. Nf3 Bd6 6. Qc2 Nbd7 7. b3 O-O 8. Bb2
dxc4 9. bxc4 e5 10. O-O-O Qe7 11. Bd3 Ba3 12. Ng5 Bxb2+ 13. Kxb2 h6 14. h4 Re8
15. g4 Nxg4 16. Rdg1 Ndf6 17. c5 b5 18. Bh7+ Kf8 19. Bf5 b4 20. Nb1 e4 21. Bxc8
Raxc8 22. Nh3 Qe6 23. Nd2 Nd5 24. Nc4 Rb8 25. Nd6 Re7 26. Ng5 hxg5 27. hxg5
Ngf6 28. gxf6 Nxf6 29. Rh8+ Ng8 30. Qe2 f6 31. Qh5 Rd8 32. Qh7 Rxd6 33. cxd6
Rd7 1/2-1/2

[Event "II Festival A"]
[Site "Bisaccia ITA"]
[Date "2010.06.01"]
[Round "5"]
[White "Gentile, Leonardo"]
[Black "Bove, Raffaele"]
[Result "0-1"]
[WhiteElo "1816"]
[BlackElo "1910"]
[PlyCount "76"]
[EventDate "2010.05.29"]

1. d4 Nf6 2. c4 e6 3. Nc3 Bb4 4. e3 O-O 5. Bd3 b6 6. Nge2 Bb7 7. O-O d5 8. a3
Bd6 9. b4 dxc4 10. Bxc4 Ng4 11. f4 Bxg2 12. Kxg2 Qh4 13. Kf3 Nxh2+ 14. Ke4 Nxf1
15. Qxf1 Nd7 16. Bd2 e5 17. Qh1 Qxh1+ 18. Rxh1 exf4 19. exf4 c5 20. Nb5 Be7 21.
Nc7 Nf6+ 22. Kd3 Rac8 23. Nd5 Nxd5 24. Bxd5 cxb4 25. axb4 Rfd8 26. Be4 h6 27.
f5 Rc7 28. Rg1 Kf8 29. Rxg7 Kxg7 30. Nf4 Bg5 31. Nd5 Rcd7 32. Bc3 Rxd5 33. Bxd5
Rxd5 34. Ke4 Rb5 35. d5+ Kf8 36. Ke5 Be7 37. f6 Bxb4 38. Bxb4+ Rxb4 0-1

[Event "II Festival A"]
[Site "Bisaccia ITA"]
[Date "2010.06.01"]
[Round "5"]
[White "Grasso, Nino"]
[Black "Lombardo, Michele"]
[Result "0-1"]
[WhiteElo "1942"]
[BlackElo "2028"]
[PlyCount "70"]
[EventDate "2010.05.29"]

1. e4 g6 2. d4 Bg7 3. Nc3 c6 4. Nf3 d5 5. h3 Nf6 6. Bd3 dxe4 7. Nxe4 Nxe4 8.
Bxe4 Nd7 9. c3 Nf6 10. Bc2 Qc7 11. O-O b6 12. Re1 Bb7 13. Qe2 e6 14. Bg5 O-O
15. Bb3 c5 16. Rad1 Ne4 17. Bh4 cxd4 18. Nxd4 g5 19. Qg4 h6 20. Bg3 Nxg3 21.
fxg3 Qc5 22. Kh2 Rad8 23. Rf1 Rd6 24. h4 Rfd8 25. Nf3 Rxd1 26. Rxd1 Rxd1 27.
Bxd1 gxh4 28. gxh4 Qd6+ 29. Qg3 Qxd1 30. Qb8+ Bf8 31. Qxb7 Bd6+ 32. g3 Qe2+ 33.
Kh3 Qf2 34. Kg4 Qxg3+ 35. Kh5 Qg6# 0-1

[Event "II Festival A"]
[Site "Bisaccia ITA"]
[Date "2010.06.01"]
[Round "5"]
[White "Kizov, Atanas"]
[Black "Seletsky, Grigory"]
[Result "1/2-1/2"]
[WhiteElo "2394"]
[BlackElo "2337"]
[PlyCount "35"]
[EventDate "2010.05.29"]

1. d4 c5 2. d5 e5 3. e4 d6 4. Bb5+ Nd7 5. a4 Ngf6 6. Nc3 Be7 7. Nf3 O-O 8. O-O
Ne8 9. a5 a6 10. Bd3 g6 11. Bh6 Ng7 12. Qd2 Nf6 13. h3 Kh8 14. Nh2 Ng8 15.
Bxg7+ Kxg7 16. Na4 f5 17. Nb6 Rb8 18. exf5 1/2-1/2

[Event "II Festival A"]
[Site "Bisaccia ITA"]
[Date "2010.06.01"]
[Round "5"]
[White "Kosic, Dragan"]
[Black "Tratar, Marko"]
[Result "1/2-1/2"]
[WhiteElo "2501"]
[BlackElo "2507"]
[PlyCount "140"]
[EventDate "2010.05.29"]

1. d4 Nf6 2. Nf3 e6 3. Bf4 c5 4. e3 Nc6 5. Nbd2 d5 6. c3 Bd6 7. Bg3 O-O 8. Bd3
Qe7 9. Ne5 Nd7 10. f4 Rd8 11. Qh5 Nf8 12. O-O f6 13. Nxc6 bxc6 14. Nf3 Qe8 15.
Qxe8 Rxe8 16. e4 Bd7 17. e5 Be7 18. exf6 gxf6 19. f5 a5 20. Rae1 cxd4 21. cxd4
c5 22. fxe6 Nxe6 23. Bf5 Nf8 24. Bxd7 Nxd7 25. dxc5 Bxc5+ 26. Kh1 Rxe1 27. Rxe1
Kf7 28. Rd1 Ke6 29. h3 a4 30. Rd2 Ra7 31. Rc2 Kf7 32. Be1 Rb7 33. Bc3 Bb4 34.
Bd4 Bc5 35. Bc3 Bb4 36. Bd4 Bc5 37. Kg1 Rb4 38. Rd2 Bxd4+ 39. Nxd4 Ne5 40. b3
axb3 41. axb3 Kg6 42. Kf2 h5 43. Ke3 Kf7 44. Ra2 Rb7 45. Ra5 Rd7 46. Ra6 Rc7
47. Kd2 Ng6 48. Rd6 Nf4 49. g3 Nxh3 50. Rxd5 Ng5 51. Kd3 Rb7 52. Kc4 Kg6 53. b4
Ne4 54. Ne2 f5 55. b5 Kg5 56. Rd8 h4 57. gxh4+ Kxh4 58. Nd4 Kg4 59. Kd5 Nc3+
60. Kc6 Nxb5 61. Nxb5 Rf7 62. Nd4 f4 63. Rg8+ Kh3 64. Nf3 Re7 65. Kd6 Re3 66.
Ne5 Rxe5 67. Kxe5 f3 68. Ke4 f2 69. Rf8 Kg2 70. Rxf2+ Kxf2 1/2-1/2

[Event "II Festival A"]
[Site "Bisaccia ITA"]
[Date "2010.06.01"]
[Round "5"]
[White "Lamberti, Valerio"]
[Black "Consalvo, Gerardo"]
[Result "0-1"]
[WhiteElo "1813"]
[BlackElo "2013"]
[PlyCount "72"]
[EventDate "2010.05.29"]

1. e4 c5 2. Nf3 d6 3. d4 cxd4 4. Nxd4 Nf6 5. Nc3 g6 6. Be3 Bg7 7. Be2 O-O 8.
O-O Nc6 9. Kh1 Bd7 10. f4 Qc8 11. Nd5 Nxd5 12. exd5 Nxd4 13. Bxd4 Bxd4 14. Qxd4
Qxc2 15. Bd3 Qc5 16. Qxc5 dxc5 17. Rae1 e6 18. Bc4 Rae8 19. dxe6 Bxe6 20. Bxe6
Rxe6 21. Rxe6 fxe6 22. Kg1 e5 23. g3 exf4 24. gxf4 Kg7 25. Rc1 b6 26. Rc4 Rd8
27. Rc2 Rd4 28. Rf2 Kf6 29. Kg2 Kf5 30. Kg3 Rd3+ 31. Kh4 c4 32. a4 a6 33. h3 b5
34. axb5 axb5 35. Rg2 Kxf4 36. Rg5 Rxh3+ 0-1

[Event "II Festival A"]
[Site "Bisaccia ITA"]
[Date "2010.06.01"]
[Round "5"]
[White "Lattanzio, Savino"]
[Black "Varvaglione, Antonio"]
[Result "1-0"]
[WhiteElo "2025"]
[BlackElo "1905"]
[PlyCount "109"]
[EventDate "2010.05.29"]

1. e4 c5 2. Nc3 Nc6 3. g3 d6 4. Bg2 g6 5. d3 Bg7 6. Be3 e6 7. Qd2 Rb8 8. Nge2
Nd4 9. O-O b5 10. Nd1 Nxe2+ 11. Qxe2 Ne7 12. f4 O-O 13. c3 b4 14. Qd2 bxc3 15.
bxc3 Ba6 16. g4 f5 17. gxf5 exf5 18. Nf2 Qa5 19. Rfc1 Qa3 20. Nd1 Rfd8 21. Rab1
Rxb1 22. Rxb1 d5 23. e5 d4 24. cxd4 cxd4 25. Bf2 Qxd3 26. Qxd3 Bxd3 27. Rb7 Bf8
28. e6 Be2 29. Bh4 Bxd1 30. Bxe7 Bxe7 31. Rxe7 Ba4 32. Rxa7 d3 33. e7 Re8 34.
Rxa4 Rxe7 35. Rd4 Re1+ 36. Kf2 Re2+ 37. Kf1 Kg7 38. a4 Ra2 39. Bc6 Rxh2 40.
Rxd3 Ra2 41. Rd8 h5 42. Ra8 h4 43. a5 Ra1+ 44. Kg2 Ra3 45. a6 Kh6 46. a7 Kg7
47. Bd5 Kh7 48. Bb3 Ra1 49. Kh3 Rh1+ 50. Kg2 Ra1 51. Bd1 Ra3 52. Kh2 Kg7 53.
Bf3 Kh7 54. Bd5 g5 55. fxg5 1-0

[Event "II Festival A"]
[Site "Bisaccia ITA"]
[Date "2010.06.01"]
[Round "5"]
[White "Lazic, Miroljub"]
[Black "Gromovs, Sergejs"]
[Result "1-0"]
[WhiteElo "2494"]
[BlackElo "2319"]
[PlyCount "57"]
[EventDate "2010.05.29"]

1. g3 f5 2. Nf3 Nf6 3. c4 g6 4. b4 Bg7 5. Bb2 O-O 6. Bg2 d6 7. d4 Ne4 8. Qc2 a5
9. b5 a4 10. O-O c6 11. Nfd2 d5 12. e3 Be6 13. Nxe4 fxe4 14. bxc6 bxc6 15. Nd2
Nd7 16. Ba3 Nf6 17. Rab1 Qd7 18. Rb4 Bg4 19. Rxa4 Be2 20. Rxa8 Rxa8 21. Re1 Bd3
22. Qc3 c5 23. cxd5 cxd4 24. exd4 Nxd5 25. Qb3 Bxd4 26. Nxe4 Bb5 27. Bc5 Bg7
28. Nd6 Rb8 29. a4 1-0

[Event "II Festival A"]
[Site "Bisaccia ITA"]
[Date "2010.05.01"]
[Round "5"]
[White "Minikh, Edouard"]
[Black "Ciavarra, Luigi"]
[Result "0-1"]
[WhiteElo "2041"]
[BlackElo "1960"]
[PlyCount "113"]
[EventDate "2010.05.29"]

1. d4 d5 2. c4 e6 3. Nc3 c6 4. Nf3 Be7 5. e3 Nf6 6. Qc2 Nbd7 7. b3 h6 8. Bb2
dxc4 9. Bxc4 O-O 10. O-O b5 11. Bd3 Bb7 12. Rad1 Qc7 13. Nxb5 Qb8 14. Nc3 c5
15. Ne4 cxd4 16. Bxd4 Ng4 17. h3 Rc8 18. Qb2 f5 19. Ng3 Bxf3 20. gxf3 Nxf2 21.
Qxf2 Bh4 22. f4 e5 23. Bxf5 exd4 24. Bxd7 Rc3 25. Rxd4 Qb6 26. Rfd1 Rf8 27. Rd6
Qc5 28. Qf3 Rxe3 29. Qd5+ Qxd5 30. R6xd5 Rxg3+ 31. Kh2 Rxf4 32. Be6+ Kf8 33.
Rf5+ Rxf5 34. Bxf5 Rf3 35. Bg6 Rf2+ 36. Kg1 Rxa2 37. Rf1+ Bf6 38. Rc1 Be7 39.
h4 Rb2 40. h5 Rxb3 41. Rf1+ Bf6 42. Re1 Rb8 43. Re6 a5 44. Ra6 Rb5 45. Ra8+ Ke7
46. Ra7+ Kd6 47. Ra6+ Ke5 48. Kf2 Kd4 49. Ke1 Kc3 50. Ke2 Kb4 51. Kd2 Rd5+ 52.
Kc2 a4 53. Rb6+ Ka5 54. Rb8 Rc5+ 55. Kb1 Rc3 56. Ka2 Rc1 57. Bd3 0-1

[Event "II Festival A"]
[Site "Bisaccia ITA"]
[Date "2010.06.01"]
[Round "5"]
[White "Paduano, Gennaro"]
[Black "Boni, Gianni"]
[Result "0-1"]
[WhiteElo "1946"]
[BlackElo "1856"]
[PlyCount "111"]
[EventDate "2010.05.29"]

1. e4 b6 2. d4 Bb7 3. Bd3 e6 4. Nf3 Nf6 5. Qe2 d6 6. c4 Nbd7 7. Nc3 e5 8. O-O
Be7 9. Bd2 O-O 10. Rfe1 Re8 11. b4 c5 12. d5 cxb4 13. Na4 Nc5 14. Nb2 a5 15.
Bc2 Rf8 16. Rec1 Qc7 17. Ng5 Nfd7 18. Nh3 Bc8 19. Bg5 Bxg5 20. Nxg5 Nf6 21. Kh1
Bg4 22. f3 Bh5 23. g4 Bg6 24. h4 h6 25. Nh3 Kh8 26. h5 Bh7 27. Rg1 Qe7 28. Rg2
Ng8 29. Qf2 f6 30. Rag1 a4 31. Qe3 b3 32. axb3 axb3 33. Bb1 Ra1 34. Nf2 Rfa8
35. Nfd3 R8a3 36. Nb4 Ra8 37. Nc6 Qf7 38. f4 Rxb1 39. Rxb1 Bxe4 40. fxe5 fxe5
41. Re1 Bxg2+ 42. Kxg2 Ra2 43. Re2 Qf4 44. Qxf4 exf4 45. Nb4 Ra8 46. Kf3 Rf8
47. Nc6 Nf6 48. Ne7 Kh7 49. Nf5 Re8 50. Rxe8 Nxe8 51. Kxf4 g6 52. hxg6+ Kxg6
53. Ne7+ Kf7 54. Nc8 Nf6 55. Nxd6+ Kg6 56. Nb5 0-1

[Event "II Festival A"]
[Site "Bisaccia ITA"]
[Date "2010.06.01"]
[Round "5"]
[White "Passerotti, Pierluigi"]
[Black "Sirena, Gianni"]
[Result "1-0"]
[WhiteElo "2258"]
[BlackElo "1974"]
[PlyCount "73"]
[EventDate "2010.05.29"]

1. d4 Nf6 2. c4 c5 3. Nf3 e6 4. Nc3 d5 5. cxd5 exd5 6. g3 Nc6 7. Bg2 Be7 8. O-O
O-O 9. Bg5 c4 10. Ne5 Be6 11. b3 Qa5 12. Nxc6 bxc6 13. Na4 Rfd8 14. Qc2 Rac8
15. Rfd1 h6 16. Bxf6 Bxf6 17. Nc5 Qb6 18. e3 cxb3 19. axb3 a5 20. Rdc1 Be7 21.
Nxe6 fxe6 22. Qg6 c5 23. Bh3 Rc6 24. dxc5 Bxc5 25. Rc3 d4 26. exd4 Rxd4 27.
Rac1 Rd8 28. Qc2 Rd5 29. Kh1 Rh5 30. Bg4 Rg5 31. Bf3 Rc8 32. Be4 Re5 33. f4 Rh5
34. Qe2 Rh3 35. Kg2 Rxh2+ 36. Kxh2 Bg1+ 37. Kg2 1-0

[Event "II Festival A"]
[Site "Bisaccia ITA"]
[Date "2010.06.01"]
[Round "5"]
[White "Piscopo, Pierluigi"]
[Black "Naumkin, Igor"]
[Result "1/2-1/2"]
[WhiteElo "2426"]
[BlackElo "2480"]
[PlyCount "28"]
[EventDate "2010.05.29"]

1. e4 e5 2. Nf3 Nc6 3. Bb5 a6 4. Ba4 Nf6 5. O-O Be7 6. Re1 b5 7. Bb3 d6 8. c3
O-O 9. h3 Na5 10. Bc2 c5 11. d4 Nd7 12. Nbd2 exd4 13. cxd4 Nc6 14. a4 bxa4
1/2-1/2

[Event "II Festival A"]
[Site "Bisaccia ITA"]
[Date "2010.06.01"]
[Round "5"]
[White "Rotelli, Pietro"]
[Black "Rossetti, Giovanni"]
[Result "0-1"]
[WhiteElo "1993"]
[BlackElo "1903"]
[PlyCount "114"]
[EventDate "2010.05.29"]

1. d4 Nc6 2. Nf3 d5 3. c4 e6 4. e3 Nf6 5. Nc3 Bb4 6. Bd2 Bxc3 7. Bxc3 Ne4 8.
Rc1 O-O 9. Bd3 f5 10. O-O Bd7 11. cxd5 exd5 12. Qb3 Ne7 13. Bb4 Bc6 14. Ne5 Rf6
15. Qa3 Nd6 16. f4 a5 17. Be1 Rh6 18. Qc3 Nf7 19. Nf3 Qd7 20. Bh4 Re8 21. Bxe7
Rxe7 22. Ne5 Qe6 23. Qxa5 Nxe5 24. fxe5 g6 25. Qd2 Kg7 26. Qf2 Rf7 27. Qg3 Be8
28. Rf2 Kh8 29. Rcf1 Qe7 30. Rf4 Bd7 31. h4 c6 32. Be2 Qb4 33. Qg5 Kg7 34. g4
Qd2 35. R4f2 f4 36. exf4 Qxd4 37. f5 Bxf5 38. gxf5 Rxf5 39. Qe7+ Kg8 40. Qd8+
Kg7 41. Qc7+ Kg8 42. Qb8+ Kg7 43. Qxb7+ Kg8 44. Qc8+ Kg7 45. Qd7+ Kg8 46. e6
Rxh4 47. Qc8+ Kg7 48. Qc7+ Kh6 49. Qe7 Rg5+ 50. Qxg5+ Kxg5 51. e7 Qe3 52. a4
Qxe7 53. Rg2+ Kh6 54. a5 Qe3+ 55. Rff2 Ra4 56. a6 d4 57. Kh1 d3 0-1

[Event "II Festival A"]
[Site "Bisaccia ITA"]
[Date "2010.06.01"]
[Round "5"]
[White "Salvador, Roland"]
[Black "Forlano, Luigi"]
[Result "1-0"]
[WhiteElo "2485"]
[BlackElo "2024"]
[PlyCount "69"]
[EventDate "2010.05.29"]

1. d4 d5 2. Nf3 c6 3. e3 Nf6 4. c4 a6 5. a4 Bf5 6. Nc3 h6 7. Bd3 Bxd3 8. Qxd3
e6 9. O-O Nbd7 10. e4 dxe4 11. Nxe4 Nxe4 12. Qxe4 Nf6 13. Qh4 Be7 14. Qg3 Kf8
15. Be3 g6 16. Ne5 Kg7 17. Rad1 Qc7 18. Kh1 Rad8 19. f4 Ne4 20. Qf3 f5 21. g4
h5 22. gxf5 exf5 23. Rg1 Rd6 24. b4 b5 25. axb5 axb5 26. c5 Re6 27. d5 cxd5 28.
Rxd5 g5 29. Rd7 Qc8 30. Bd4 g4 31. Qb3 Qa8 32. Nc6+ Rf6 33. Bxf6+ Kxf6 34. Qb2+
Kg6 35. Nxe7+ 1-0

[Event "II Festival A"]
[Site "Bisaccia ITA"]
[Date "2010.06.01"]
[Round "5"]
[White "Sellitti, Luca"]
[Black "Martorelli, Antonio"]
[Result "0-1"]
[WhiteElo "1915"]
[BlackElo "2259"]
[PlyCount "56"]
[EventDate "2010.05.29"]

1. e4 c5 2. a3 Nf6 3. e5 Nd5 4. c4 Nc7 5. b4 d5 6. exd6 exd6 7. Bb2 Ne6 8. Nf3
Nc6 9. Nc3 Be7 10. Nd5 O-O 11. Bd3 Ned4 12. Nxd4 Nxd4 13. Bxd4 cxd4 14. O-O Bf6
15. Qf3 Be5 16. Rae1 Qg5 17. Bb1 g6 18. Qe2 Bg4 19. f3 Qh5 20. Nf6+ Bxf6 21.
fxg4 Qg5 22. Be4 Rae8 23. Qf3 Be5 24. d3 Re7 25. Bxb7 Bxh2+ 26. Kf2 Qd2+ 27.
Re2 Rxe2+ 28. Qxe2 Bg3+ 0-1

[Event "II Festival A"]
[Site "Bisaccia ITA"]
[Date "2010.06.01"]
[Round "5"]
[White "Vespe, Francesco"]
[Black "Scipioni, Gaetano"]
[Result "1-0"]
[WhiteElo "1979"]
[BlackElo "2048"]
[PlyCount "72"]
[EventDate "2010.05.29"]

1. d4 d5 2. c4 c6 3. Nf3 e6 4. Nc3 dxc4 5. e3 b5 6. a4 Bb4 7. Bd2 a5 8. Be2 Nf6
9. O-O Bxc3 10. Bxc3 O-O 11. Ne5 Bb7 12. Qe1 b4 13. Bd2 Qc7 14. Nxc4 Rd8 15.
Rc1 Nbd7 16. b3 Ne4 17. f3 Nxd2 18. Nxd2 Nf6 19. Ne4 Nd5 20. Bc4 Ba6 21. Bb5
Bb7 22. Bc4 Ba6 23. Bb5 Bb7 24. Rc5 Qb6 25. Bd3 Ba6 26. Qe2 f5 27. Nf2 g6 28.
Nd1 e5 29. Bxa6 Rxa6 30. Qc4 Kg7 31. dxe5 f4 32. exf4 Nxf4 33. Nf2 Nd5 34. Qd4
Raa8 35. Rfc1 Rac8 36. Kh1 Re8 1-0

[Event "II Festival A"]
[Site "Bisaccia ITA"]
[Date "2010.06.01"]
[Round "6"]
[White "Aleksic, Nenad"]
[Black "Kosic, Dragan"]
[Result "0-1"]
[WhiteElo "2372"]
[BlackElo "2501"]
[PlyCount "40"]
[EventDate "2010.05.29"]

1. e4 e6 2. d4 d5 3. Nc3 Nf6 4. e5 Nfd7 5. Nf3 c5 6. dxc5 Nc6 7. Bf4 Nxc5 8.
Qd2 Be7 9. O-O-O O-O 10. h4 Qa5 11. Nb1 f5 12. Nd4 Qb6 13. f3 Bd7 14. Qe3 Nxd4
15. Qxd4 Rae8 16. Bg5 Rf7 17. Bxe7 Rfxe7 18. h5 h6 19. g4 fxg4 20. fxg4 Rf7 0-1

[Event "II Festival A"]
[Site "Bisaccia ITA"]
[Date "2010.06.01"]
[Round "6"]
[White "Boni, Gianni"]
[Black "Minikh, Edouard"]
[Result "0-1"]
[WhiteElo "1856"]
[BlackElo "2041"]
[PlyCount "75"]
[EventDate "2010.05.29"]

1. b3 e5 2. Bb2 d6 3. e3 f5 4. d3 Nf6 5. Nd2 Be7 6. g3 O-O 7. Bg2 c6 8. Qe2
Nbd7 9. h4 d5 10. Nh3 Bd6 11. Ng5 Qe7 12. a4 h6 13. Ngf3 e4 14. dxe4 fxe4 15.
Nh2 Ne5 16. O-O Bf5 17. Rac1 Rac8 18. Kh1 Rce8 19. c4 Nd3 20. Bxf6 Qxf6 21. Rc2
Qe6 22. cxd5 cxd5 23. Kg1 Rc8 24. Rxc8 Rxc8 25. Rb1 Rc2 26. Qd1 Qc8 27. Nhf1
Bb4 28. Qh5 Bxd2 29. g4 Bxg4 30. Qxd5+ Be6 31. Qxe4 Nb4 32. Nxd2 a5 33. Nc4 Bf5
34. Qxb7 Rxc4 35. Bd5+ Nxd5 36. bxc4 Qxc4 37. Qb8+ Kh7 38. Rd1 0-1

[Event "II Festival A"]
[Site "Bisaccia ITA"]
[Date "2010.06.01"]
[Round "6"]
[White "Celli, Dario"]
[Black "Passerotti, Pierluigi"]
[Result "1/2-1/2"]
[WhiteElo "2104"]
[BlackElo "2258"]
[PlyCount "83"]
[EventDate "2010.05.29"]

1. d4 f5 2. g3 Nf6 3. Bg2 e6 4. Nh3 d5 5. O-O Bd6 6. Bf4 O-O 7. Nd2 Be7 8. Nf3
Ne4 9. Ne5 g5 10. Be3 Nd7 11. Nxd7 Bxd7 12. Qc1 h6 13. f3 Nd6 14. Nf2 Rc8 15.
Nd3 b6 16. Ne5 Be8 17. Qd2 c5 18. c3 Bf6 19. b3 Qe7 20. Rfd1 Qg7 21. f4 Kh7 22.
Rac1 Rg8 23. Kh1 gxf4 24. Bxf4 Bh5 25. Bf3 Ne4 26. Qe3 Bg6 27. Rg1 h5 28. Bg2
Be8 29. Bf3 Qb7 30. Rgd1 Rg7 31. Rf1 cxd4 32. cxd4 Rgc7 33. Rxc7+ Rxc7 34. Rc1
Rxc1+ 35. Qxc1 a5 36. Qc2 Bd8 37. Kg2 Qc7 38. Qxc7+ Bxc7 39. Bxe4 dxe4 40. Kf2
a4 41. bxa4 Bxe5 42. Bxe5 1/2-1/2

[Event "II Festival A"]
[Site "Bisaccia ITA"]
[Date "2010.06.01"]
[Round "6"]
[White "Colucci, Stefano"]
[Black "Grasso, Nino"]
[Result "0-1"]
[WhiteElo "1994"]
[BlackElo "1942"]
[PlyCount "64"]
[EventDate "2010.05.29"]

1. e4 e5 2. Nf3 Nc6 3. Bb5 a6 4. Ba4 Nf6 5. O-O Be7 6. Re1 b5 7. Bb3 O-O 8. a4
Bb7 9. c3 d5 10. exd5 Nxd5 11. d3 Bf6 12. Nbd2 Re8 13. Ne4 Na5 14. Bc2 b4 15.
Bd2 Nc6 16. a5 Be7 17. Ba4 Bf8 18. Ng3 Qd6 19. d4 exd4 20. Rxe8 Rxe8 21. Nxd4
Rd8 22. Ngf5 Qg6 23. Bxc6 Bxc6 24. Nxc6 Qxc6 25. Qf3 Qb5 26. g3 bxc3 27. bxc3
Qb2 28. Rd1 Nxc3 29. Bxc3 Rxd1+ 30. Qxd1 Qxc3 31. Qg4 g6 32. Qg5 Qe1+ 0-1